Ciudadanía y teoría democrática /

Sparad:
Bibliografiska uppgifter
Huvudupphovsman: Sermeño, Angel
Materialtyp: Text
Ämnen:
Taggar: Lägg till en tagg
Inga taggar, Lägg till första taggen!

MARC

LEADER 00000 a a2200000 04500
001 9667
003
040
100 |a Sermeño, Angel  
245 |a Ciudadanía y teoría democrática /  |c Angel Sermeño 
650 |a CUIDADANIA  
650 |a TEORIA POLITICA  
650 |a DEMOCRACIA  
773 |g volumen 8, número 33; páginas 87-94  
999 |c 28780  |d 28780